000
003130000a22001330004500
020
_a
1-85348-557-7
082
0
4
_a
GI CE Ab34c
100
1
_a
Abel, Simone
245
1
0
_a
I can multiply / Ilustrado por Simone Abel
260
_a
Great Britain : New Burlington Books
300
_a
16 P.
001
1385
942
_c
LGB
999
_c
48551
_d
48551